Proposal of a systematic model for business process performance management

Výkonnosť podniku a výkonnosť podnikových procesov, ktoré sú súčasťou väčších logických celkov. Riadenie výkonnosti procesov. Podnikové procesy a procesné atribúty. Konzistentné meranie a hodnotenie výkonnosti procesov. Kroky vedúce k excelentnej výkonnosti podnikových procesov.

Uložené v:
Podrobná bibliografia
Hlavný autor: Závadský, Ján
Médium: Kapitola
Jazyk:English
Predmet:
Tagy: Pridať tag
Žiadne tagy, Buďte prvý, kto otaguje tento záznam!

MARC

LEADER 00000naa$a2200000$$$4500
001 0059956
005 20231107131842.9
041 0 |a eng 
044 |a SK 
245 1 0 |a Proposal of a systematic model for business process performance management  |c Ján Závadský 
520 |a Výkonnosť podniku a výkonnosť podnikových procesov, ktoré sú súčasťou väčších logických celkov. Riadenie výkonnosti procesov. Podnikové procesy a procesné atribúty. Konzistentné meranie a hodnotenie výkonnosti procesov. Kroky vedúce k excelentnej výkonnosti podnikových procesov. 
610 2 0 |a procesy podnikové 
610 2 0 |a riadenie procesné 
610 2 0 |a riadenie vnútropodnikové 
610 2 0 |a výkonnosť 
100 1 |a Závadský, Ján